000 00431nam a2200157Ia 4500
008 240729s9999 xx 000 0 und d
022 _a1179-3201
245 0 _aJournal of Healthcare Leadership
260 _aUnited Kingdom
260 _bDove Medical Press
650 _a Public aspects of medicine
650 _aMedicine
856 _uhttps://doaj.org/toc/2b1a8cea1fd047f89097325dfb0c4df6
942 _2ddc
942 _cDOAJEJ
999 _c73639
_d73639
945 _a1
_bMadushi Gamage
_c1
_dMadushi Gamage